| 000 | 02723cam a22006734i 4500 | ||
|---|---|---|---|
| 003 | PE-LiUPU | ||
| 005 | 20250731170424.0 | ||
| 008 | 180829s2015 ar a rb 000 0 spa d | ||
| 020 | _a9875915904 | ||
| 020 | _a9789875915909 | ||
| 035 | _a(Sirsi) a249875 | ||
| 040 |
_aPE-LiUPU _bspa _cPE-LiUPU _erda |
||
| 049 | _aPRUA | ||
| 082 | 0 | 4 |
_a150.9 _bA46 _223 |
| 100 | 1 |
_aAltamirano, Patricia, _eautor. |
|
| 245 | 1 | 0 |
_aHistoria de la psicología : _borígenes, teorías y corrientes / _cPatricia Altamirano, Hebe Rigotti, Laura Manoiloff. |
| 264 | 1 |
_aBuenos Aires : _bEditorial Brujas, _c2015. |
|
| 300 |
_a180 páginas : _bilustraciones ; _c25 centímetros |
||
| 336 |
_atext _2rdacontent |
||
| 337 |
_aunmediated _2rdamedia |
||
| 338 |
_avolume _2rdacarrier |
||
| 504 | _aBibliografía al final de cada capítulo. | ||
| 505 | 0 | _aHistoria de la psicología, problemas y desafíos -- La constitución de un campo de conocimiento -- Escuelas, corrientes y sistemas de la psicología contemporánea. El psicoanálisis: Freud -- Historia del movimiento psicoanalítico -- El porqué de la evolución dela psicología cognitiva, en particular, y de las ciencias cognitivas, en general -- Línea histórica. | |
| 526 | _aSEG68 | ||
| 526 | _aSEG70 | ||
| 526 | _aSEG69 | ||
| 526 | _aSEG67 | ||
| 526 | _aSEG43 | ||
| 526 | _aP144 | ||
| 526 | _aP143 | ||
| 526 | _aP131 | ||
| 526 | _aP122 | ||
| 526 | _aP120 | ||
| 526 | _aP117 | ||
| 526 | _aP112 | ||
| 526 | _aP110 | ||
| 526 | _aP106 | ||
| 526 | _aP101 | ||
| 526 | _aP80 | ||
| 526 | _aP59 | ||
| 526 | _aP54 | ||
| 526 | _aP35 | ||
| 526 | _aP33 | ||
| 526 | _aP30 | ||
| 541 | _g002-0000344; | ||
| 541 | _g002-00001571; | ||
| 650 | 0 | 4 |
_aPsicología. _95567 |
| 650 | 0 | 4 |
_aPsicología _xhistoria. |
| 700 | 1 |
_aRigotti, Hebe, _eautor. |
|
| 700 | 1 |
_aManoiloff, Laura, _eautor. |
|
| 910 |
_tqv _d20180829 |
||
| 910 |
_abgr _bksl _cksl _d20190813 |
||
| 942 |
_2ddc _cBOOK |
||
| 949 |
_a150.9 A46 2015 _wDEWEY _c1 _iFJ11576 _lCCODEBUJ1 _mBUJ _p17.00 _r0 _sY _tBOOK _u2018-08-29 _xSALUD _PP33 _0COMPRA _o.STAFF. Colección General Juliaca |
||
| 994 |
_aC0 _bPEPRU |
||
| 596 | _a1 3 | ||
| 999 |
_a150.9 A46 2015 _wDEWEY _c29397 _iFJ11576 _d29397 _e2019-10-28 _f2022-1-17 _g3 _lCCODEBUJ1 _mBUJ _n8 _p17.00 _q22 _r0 _sY _tBOOK _u2018-8-29 _xSALUD _zP33 _0COMPRA _1FCOMPRA _o.STAFF. Colección General Juliaca |
||
| 999 |
_a150.9 A46 _wDEWEY _c1 _i80530 _d2019-11-5 _e2019-11-4 _f2021-11-3 _g3 _lCCODEBUL1 _mBUL _n10 _p13.58 _q3 _r0 _sY _tBOOK _u2019-8-13 _xSALUD _zP33 _0COMPRA _1FCOMPR3 _o.STAFF. Colección Ciencias de la Salud |
||
| 980 |
_81 _gALBERTO SANCHEZ Responsable de Automatización |
||